Direct marketing techniques : (Record no. 7961)

MARC details
000 -LEADER
fixed length control field 00579nam a22001817a 4500
003 - CONTROL NUMBER IDENTIFIER
control field OSt
005 - DATE AND TIME OF LATEST TRANSACTION
control field 20260129044402.0
008 - FIXED-LENGTH DATA ELEMENTS--GENERAL INFORMATION
fixed length control field 260129b |||||||| |||| 00| 0 eng d
020 ## - INTERNATIONAL STANDARD BOOK NUMBER
International Standard Book Number 1-56052-474-X
040 ## - CATALOGING SOURCE
Original cataloging agency DWC-Main lib.
Transcribing agency OC
082 ## - DEWEY DECIMAL CLASSIFICATION NUMBER
Classification number Circ. 658.8 G283d 1998
100 ## - MAIN ENTRY--PERSONAL NAME
Personal name Geller, Lois K.
245 ## - TITLE STATEMENT
Title Direct marketing techniques :
Remainder of title building your business using direct mail and direct response advertising/
Statement of responsibility, etc. Lois K. Geller
260 ## - PUBLICATION, DISTRIBUTION, ETC.
Place of publication, distribution, etc. CA :
Name of publisher, distributor, etc. Crisp Pub.,
Date of publication, distribution, etc. c1998
300 ## - PHYSICAL DESCRIPTION
Extent x, 114 p. ;
Dimensions 25 cm.
650 ## - SUBJECT ADDED ENTRY--TOPICAL TERM
Topical term or geographic name entry element Marketing
942 ## - ADDED ENTRY ELEMENTS (KOHA)
Source of classification or shelving scheme Dewey Decimal Classification
Koha item type Book Circulation
Suppress in OPAC No
Classification part Circ.
952 ## - LOCATION AND ITEM INFORMATION (KOHA)
--
Holdings
Withdrawn status Lost status Source of classification or shelving scheme Damaged status Not for loan Home library Current library Shelving location Date acquired Source of acquisition Cost, normal purchase price Total Checkouts Full call number Barcode Date last seen Copy number Price effective from Koha item type Uniform Resource Identifier
    Dewey Decimal Classification     College Library College Library Circulation 07/29/2004 School Funds 0.00   Circ. 658.8 G283d 1998 CL40748 01/29/2026 c1 01/29/2026 BK-CIRC